vufinder Bibliothèque Municipale de Charleval de Provence
Se connecter
« Retourner aux résultats de recherche

Deux frères

Book Cover
Auteur principal: Kevin Tran Scénariste
D'autres auteurs: Fanny Antigny Illustrateur
Support: Livres
Langue: Francais
Publié: 2016 Michel Lafon Neuilly-sur-Seine
Series: Ki & Hi
Genre: Bande Dessinée enfant ado
Collection: Ki & Hi
Sujets:
Étiquettes: Ajouter
Pas de Tags !

LEADER 00689nam0a2200205 450
001 16826478
010 |a 978-2-7499-2954-5  |b br.  |d 9,95 € 
100 |a 20161118d2016 u u0frey01 ba 
101 0 |a fre 
102 |a FR 
200 0 |a Deux frères  |f scénario, Kevin Tran  |g dessin, Fanny Antigny 
207 1 |a   
210 |a Neuilly-sur-Seine  |c Michel Lafon  |d 2016 
225 1 |a Ki & Hi  |v 1 
461 0 |t Ki & Hi  |v 1 
700 0 |a Tran  |b Kevin  |c Scénariste  |f 1991-....  |4 70 
702 0 |a Antigny  |b Fanny  |c Illustrateur  |f 19..-....  |4 440 
900 |a Bande Dessinée enfant ado 
901 |a Accessible au prêt 
995 |a Bibliothèque  |c Bibliothèque  |f 024017593  |h 024017593  |k BD TRAN  |o p  |q j  |r az  |e Bibliothèque 

Options de recherche

Historique de recherche
Recherche avancée

Trouver plus

Nouveautés

Besoin d'aide ?

Contacter un bibliothécaire